| 000 | 00531nam a2200169 i 4500 | ||
|---|---|---|---|
| 001 | 149611 | ||
| 003 | ES-MaACL | ||
| 005 | 20250830063105.0 | ||
| 007 | t| | ||
| 008 | 071023q19001950fr ||||1| spa d | ||
| 100 | 1 |
_aVasconcelos, José, _d1881-1959 _9113268 |
|
| 245 | 1 | 0 |
_aIndología _b: una interpretación de la cultura ibero americana / _cJosé Vasconcelos. |
| 260 |
_aParis : _bAgencia Mundial de Librería, _c[19-?] |
||
| 300 |
_aLVIII, 231 p. ; _c19 cm. |
||
| 852 |
_aES-MaACL _jF-4529 |
||
| 999 |
_c149611 _d149611 |
||